[Event "6th Altibox Norway Chess 2018 Blitz"]
[Site "Stavanger"]
[Date "2018.05.27"]
[Round "3.4"]
[White "Ding, Liren"]
[Black "Caruana, Fabiano"]
[Result "0-1"]
[WhiteElo "2793"]
[BlackElo "2814"]
[Annotator "TA"]
[PlyCount "80"]
[EventDate "2018.05.26"]
[EventType "tourn"]
[EventCountry "NOR"]

{[%evp 16,80,43,39,51,47,40,40,55,50,47,46,54,43,51,51,49,64,128,85,106,65,85,39,40,46,39,31,27,31,70,69,75,71,143,132,173,158,161,166,175,168,162,141,160,55,45,30,99,-8,-8,-8,-8,-22,-22,-22,-22,-22,17,35,54,64,72,0,8,0,0]} 1. d4 d6 2. Nf3 Nf6 3. c4 g6 4. g3 Bg7 5. Bg2 O-O 6. O-O c6 7. Nc3 Bf5 8. Nd2 {[%cal Bf3d2,Bd2b3,Bb3c1,Bc1d3][%mdl 32]} e5 {E62: King's Indian: Fianchetto: 6...c6 and Panno Variation (6...Nc6) without ...a6} 9. d5 {LiveBook: 4 Games} Qc8 $146 ({Predecessor:} 9... Qd7 10. Re1 cxd5 11. cxd5 Na6 12. Nb3 Ne8 13. e4 Bh3 14. Qe2 Bxg2 15. Kxg2 Nc5 16. Nxc5 dxc5 {0-1 (40) Luch,M (2383)-Nguyen,P (2409) Poronin 2017}) 10. e4 Bg4 {White is slightly better.} 11. f3 Bd7 12. Nb3 a5 13. a4 Na6 14. Be3 Nb4 15. Rf2 Qd8 16. dxc6 Bxc6 (16... bxc6 $14 17. Qxd6 Be6 18. Qxd8 (18. Qxe5 $2 Ng4 $19) 18... Rfxd8) 17. Nc1 Qe7 18. Nd3 Nd7 19. b3 Nxd3 20. Qxd3 Nc5 21. Qc2 f5 22. Rd1 Ne6 23. exf5 $1 gxf5 24. f4 e4 (24... exf4 $142 25. gxf4 Rae8) 25. Rfd2 Rad8 26. Nd5 Qf7 27. Bb6 {[%cal Be3b6,Bb6a5,Ba5c3][%mdl 32]} Rd7 28. Bxa5 h5 29. Bc3 h4 30. Ne3 (30. Nb6 $16 Bxc3 31. Qxc3) 30... hxg3 $14 31. hxg3 Qg6 32. Kf2 ({Of course not} 32. Rxd6 $6 Rxd6 33. Rxd6 Qxg3 $11) (32. Nf1 $1 $16) 32... Bxc3 $11 33. Qxc3 Rg7 34. Nf1 $1 ({Much worse is} 34. Nd5 Bxd5 35. Rxd5 Nxf4 $1 $17 {[%mdl 512]}) 34... Nxf4 $1 35. Rxd6 Qg4 {( -> ...Qe2+)} 36. gxf4 Qxg2+ 37. Ke1 Qg4 38. Qe3 Qh4+ {[#]} 39. Qf2 (39. Kd2 $1 $16) 39... Qh3 40. Ne3 Rg3 {[%mdl 32768] Precision: White = 62%, Black = 57%. . Loss on Time!?} 0-1

[Event "6th Altibox Norway Chess 2018 Blitz"]
[Site "Stavanger"]
[Date "2018.05.27"]
[Round "3.5"]
[White "Nakamura, Hikaru"]
[Black "Karjakin, Sergey"]
[Result "1-0"]
[WhiteElo "2869"]
[BlackElo "2838"]
[Annotator "TA"]
[PlyCount "83"]
[EventDate "2018.05.26"]
[EventType "tourn"]
[EventCountry "NOR"]

{[%evp 21,83,14,16,18,14,0,0,-18,10,-13,-14,-6,-5,-22,14,0,0,0,0,0,0,0,0,0,0,0,-7,-9,0,0,102,100,88,97,87,106,190,208,232,233,364,362,343,339,383,368,358,368,368,360,363,364,599,589,587,575,687,369,677,596,739,450,754,764]} 1. Nf3 d5 2. b3 Nf6 3. Bb2 c6 4. g3 h6 5. Bg2 Bf5 6. O-O e6 7. Ne5 {A07: Réti Opening: New York and Capablanca Systems} (7. d3 Nbd7 8. Nbd2 Bh7 9. e4 Bc5 10. e5 Ng8 11. d4 Bb6 12. c4 Ne7 13. Ba3 O-O 14. Bd6 dxc4 15. bxc4 Bc7 16. Qb3 Rb8 {1-0 (40) Kuzubov,Y (2690)-Parligras,M (2613) Baile Govora 2017}) 7... Nbd7 8. Nxd7 Qxd7 9. d3 Be7 10. Nd2 {[%cal Bb1d2,Bd2f3,Bf3e5][%mdl 32]} Bh7 11. e4 O-O {LiveBook: 7 Games} 12. Qe2 a5 13. a3 $146 ({Predecessor:} 13. a4 Rfd8 14. e5 Ne8 15. f4 Nc7 16. g4 Na6 17. Rf3 {0-1 (33) Lorenzo de la Riva,L (2415)-Svetushkin,D (2558) Barcelona 2017}) 13... b5 14. Rad1 Rad8 15. Nf3 Qb7 16. Ne5 Nd7 17. Ng4 dxe4 18. Bxe4 f5 19. Bg2 fxg4 20. Qxe6+ Rf7 {Threatens to win with ...Bf5.} 21. Bxc6 Nc5 {[#]} 22. Qxf7+ $1 {[%mdl 512]} Kxf7 23. Bxb7 Nxb7 24. f3 $132 {[%mdl 2048] White is not keeping still} gxf3 25. Rxf3+ Bf6 (25... Kg8 $11 {remains equal.}) 26. Bxf6 gxf6 27. b4 Bg6 28. Rf4 Kg7 {[#]} (28... a4 $16 {might work better.} 29. Kf2 Rd5) 29. Re1 $1 $18 {[%cal Re1e7]} Kf7 30. Re5 Nd6 (30... axb4 {was worth a try.} 31. Rxb5 Nd6 32. Rbxb4 Rc8) 31. bxa5 Ra8 32. Rd5 Ra6 {[#]} 33. a4 $1 {[%cal Ra4b5]} bxa4 34. Rxa4 Ke6 35. Rc5 Be8 36. Rb4 Ra7 $2 (36... Ra8 {is a better defense.} 37. Rb6 Ke7) 37. Rb6 Ke7 38. a6 Bd7 39. Kf2 Be8 $2 (39... Ra8 40. Ra5 Nc8) 40. Ke3 {White is clearly winning.} Bd7 41. Kf4 Be8 (41... Ne8 $142 42. d4 Nc7) 42. Rd5 {Precision: White = 63%, Black = 40%.} 1-0

[Event "6th Altibox Norway Chess 2018 Blitz"]
[Site "Stavanger"]
[Date "2018.05.27"]
[Round "4.2"]
[White "Mamedyarov, Shakhriyar"]
[Black "Nakamura, Hikaru"]
[Result "1/2-1/2"]
[WhiteElo "2730"]
[BlackElo "2869"]
[Annotator "TA"]
[PlyCount "98"]
[EventDate "2018.05.26"]
[EventType "tourn"]
[EventCountry "NOR"]

{[%evp 19,98,22,22,17,16,-32,-29,-20,-27,-141,-103,-137,-139,-131,-140,-117,-55,-62,0,0,0,0,0,0,0,0,0,-2,29,14,80,80,105,105,112,114,110,104,195,70,331,61,61,61,61,61,61,61,61,61,61,61,61,61,61,61,61,61,61,61,61,61,61,61,61,56,56,56,56,27,27,27,27,0,27,27,27,0,27,27,27]} 1. d4 Nf6 2. c4 e6 3. Nc3 Bb4 4. Qc2 O-O 5. Nf3 d5 6. Bg5 h6 {E32: Nimzo-Indian: Classical (4 Qc2): 4...0-0} 7. Bxf6 Qxf6 8. a3 Bxc3+ 9. Qxc3 dxc4 (9... c6 10. g3 Nd7 11. Bh3 b6 12. cxd5 cxd5 13. Qc6 Rb8 14. O-O Rd8 15. Rfc1 {½-½ (24) Mamedyarov,S (2809)-Aronian,L (2794) Berlin 2018}) 10. Qxc4 Nc6 {LiveBook: 9 Games} 11. Rd1 Rd8 12. e4 e5 $146 ({Predecessor:} 12... Qg6 13. Qc2 a5 14. h4 Qf6 15. Qc3 {½-½ (34) Galojan,L (2373)-Franciskovic,B (2282) Khanty-Mansiysk 2010}) 13. d5 Bg4 14. dxc6 (14. Rd3 $11 {keeps the balance.} Ne7 15. Qxc7) 14... Bxf3 {[%csl Gf3][%cal Rd8d1]} 15. Rd3 {[#]} ({But not} 15. gxf3 $2 Rxd1+ 16. Kxd1 Qxf3+ 17. Qe2 Qxh1 $19) 15... b5 $1 {[%mdl 512]} 16. Qc2 {[#]} (16. Qxb5 Bxe4) 16... Rxd3 $1 17. Qxd3 Bg4 (17... Rd8 $17 18. Qxf3 Qxc6) 18. f3 $15 Rd8 ({Better is} 18... Bh5 $15) 19. Qc3 $1 $11 Bc8 20. Bxb5 a6 21. Be2 (21. Bc4 {looks sharper.} Rd6 22. Qb3 Rxc6 23. Kf2 Qe7 24. Rd1) 21... Rd6 22. O-O Rxc6 23. Qe3 Be6 24. Rc1 $36 {[%mdl 2048] White has good play.} Rxc1+ (24... Bc8 $11 {remains equal.}) 25. Qxc1 $16 Qd8 26. Bxa6 Qd4+ 27. Kf1 c5 28. Be2 c4 (28... f6 $16 {was worth a try.}) 29. Qc3 ({White should play} 29. Qc2 $18) 29... Kf8 $2 {[%mdl 8192]} (29... Qxc3 $1 $14 30. bxc3 Kf8) 30. a4 $2 (30. Qb4+ $18 Ke8 31. a4) 30... Qxc3 $1 $14 31. bxc3 {[%mdl 4096] Endgame aiming for a5. KB-KB} Ke7 32. Kf2 Kd6 33. Ke3 g5 34. g3 $1 Kc5 35. f4 f6 36. Bh5 Bd7 37. a5 Kb5 38. Bf7 Kxa5 39. Bxc4 Kb6 40. Bf7 Kc5 41. f5 Ba4 42. h4 Bc2 43. Bd5 Ba4 44. hxg5 hxg5 45. Ba2 Bc2 46. Bd5 Ba4 47. Bf7 Bc2 48. Bd5 Ba4 49. Be6 Bc2 {Precision: White = 48%, Black = 65%.} 1/2-1/2

[Event "6th Altibox Norway Chess 2018 Blitz"]
[Site "Stavanger"]
[Date "2018.05.27"]
[Round "4.3"]
[White "So, Wesley"]
[Black "Aronian, Levon"]
[Result "1/2-1/2"]
[WhiteElo "2824"]
[BlackElo "2843"]
[Annotator "TA"]
[PlyCount "87"]
[EventDate "2018.05.26"]
[EventType "tourn"]
[EventCountry "NOR"]

{[%evp 18,87,14,15,3,0,0,-16,18,-20,-1,-37,-26,-35,-37,-64,0,0,79,84,101,107,115,104,96,22,327,325,491,115,99,114,100,87,99,113,124,52,59,10,12,10,10,14,16,6,6,6,6,6,13,13,13,13,13,13,15,10,13,0,15,15,15,15,20,20,21,28,28,21,35,0]} 1. Nf3 Nf6 2. c4 e6 3. b3 d5 4. Bb2 c5 5. cxd5 exd5 6. g3 {A13: English Opening: 1...e6} d4 7. Bg2 Nc6 8. O-O Be7 9. Na3 {[%cal Bb1a3,Ba3c4,Bc4e5][%mdl 32]} O-O 10. e3 {LiveBook: 11 Games} (10. Nc4 Be6 11. e3 Rc8 12. exd4 cxd4 {½-½ (69) Giri,A (2777)-Ding,L (2778) Shamkir 2018}) 10... Bg4 11. h3 Bh5 {[%cal Bg4h5,Bh5g6,Bg6c2][%mdl 32]} 12. Re1 $146 ({Predecessor:} 12. Rc1 Qd7 13. Nc4 Rad8 14. exd4 Nxd4 15. Bxd4 cxd4 16. g4 Bg6 17. Nfe5 {1-0 (39) Dzagnidze,N (2520)-Girya,O (2505) Monaco 2017}) 12... Rc8 13. g4 Bg6 14. Nc4 Nb4 15. Nce5 Bc2 16. Qe2 {[%cal Re3d4]} Bd6 (16... d3 $15 17. Qf1 Ne4) 17. d3 $11 {Hoping for a3.} Re8 (17... dxe3 $11 {keeps the balance.} 18. Qxe3 Nfd5) 18. a3 $16 Bxe5 19. axb4 Bxb3 20. bxc5 Rxc5 {Threatens to win with ...Rc2.} 21. Bxd4 (21. Qf1 $16 {[%cal Re3d4]} Bc7 22. Bxd4) 21... Rc2 $2 {[%mdl 8192]} (21... Bxd4 $11 22. Nxd4 Bd5) 22. Qd1 $18 Rc3 {[#]} (22... Bg3 {was called for.}) 23. Qb1 $2 (23. Qd2 $1 $18 {[%cal Rd2c3] and the rest is easy.} Bxd4 24. Nxd4) 23... Bxd4 $16 24. Nxd4 Bd5 25. Rxa7 Bxg2 26. Kxg2 Qd5+ {[#]} 27. Kg1 (27. Nf3 $1 $16) 27... h5 $14 28. Qxb7 (28. gxh5 {is interesting.} Qxh5 29. Qxb7 Rxd3 30. Ra8 Rxa8 31. Qxa8+ Kh7 32. Qg2) 28... Qxb7 29. Rxb7 hxg4 30. hxg4 {And now g5 would win.} Rxd3 31. g5 {Strongly threatening Ra1.} (31. Ra1 {looks sharper.} Nxg4 32. Ra2 Rd1+ 33. Kg2 g6 34. Rc2) 31... Rxd4 32. gxf6 gxf6 $11 {[%mdl 4096] Endgame KRR-KRR} 33. Ra1 Rd6 34. Raa7 Rf8 35. Kg2 Kg7 36. Kf3 Re6 37. Rb4 Rfe8 38. Rbb7 Rf8 $1 39. Kf4 Rc6 40. f3 Rc5 41. e4 Rh5 42. Rc7 Rh6 43. Rc6 Rg6 44. Rcc7 {Precision: White = 41%, Black = 49%.} 1/2-1/2

[Event "6th Altibox Norway Chess 2018 Blitz"]
[Site "Stavanger"]
[Date "2018.05.27"]
[Round "4.4"]
[White "Caruana, Fabiano"]
[Black "Karjakin, Sergey"]
[Result "1-0"]
[WhiteElo "2814"]
[BlackElo "2838"]
[Annotator "TA"]
[PlyCount "105"]
[EventDate "2018.05.26"]
[EventType "tourn"]
[EventCountry "NOR"]

{[%evp 19,105,0,-9,-10,0,0,0,0,0,0,0,0,0,0,16,1,1,0,0,0,0,0,0,0,6,0,32,-23,-21,-24,-15,-93,-97,-175,-175,-177,-175,-172,-171,-162,-164,-164,-161,-163,-158,-170,-165,-165,-150,-220,-212,-197,3091,445,2743,1916,29958,29950,29967,29968,29969,29970,29970,29970,29972,29974,29974,29975,29975,29976,29978,29976,29979,29980,29980,29981,29981,29982,29982,29983,29983,29984,29984,29985,29985,29986,29986,29987]} 1. c4 Nf6 2. Nc3 e5 3. Nf3 Nc6 4. d3 d5 5. cxd5 Nxd5 6. e4 Nf6 {A28: Englische Eröffnung (Vierspringer-Variante)} (6... Nb6 7. Be3 Bg4 8. Be2 Bxf3 9. Bxf3 Be7 10. O-O O-O 11. a3 Nd4 12. Bg4 c6 13. Ne2 Nxe2+ 14. Qxe2 {½-½ (76) Shinkevich,V (2433)-Vitiugov,N (2740) Sochi 2018}) 7. Be2 Bc5 8. O-O O-O 9. Be3 Bb6 10. Na4 Bg4 {LiveBook: 3 Partien} 11. Rc1 $146 ({Vorgänger:} 11. Nc5 Nd7 12. Nb3 Re8 13. Rc1 Nf8 14. Nc5 Bxc5 15. Rxc5 {0-1 (35) Gritsenko,V (2232)-Grigoriants,S (2595) Voronezh 2014}) 11... Bxf3 12. Bxf3 Nd4 13. Nc5 Rb8 14. Rc4 Nxf3+ 15. Qxf3 Nd7 16. b4 Re8 17. Rd1 Bxc5 18. bxc5 Nf8 19. c6 b6 20. d4 exd4 21. Rcxd4 Qe7 22. Qg3 Rbc8 23. Bf4 (23. f4 $14) 23... Qc5 24. Bxc7 Qxc6 25. Be5 (25. Bd6 $11 {hält das Gleichgewicht.}) 25... Ng6 $17 26. Rd6 (26. Bd6 $17 {war einen Versuch wert.}) 26... Qxe4 $19 27. Bc3 {[#]} Rxc3 $1 {[%mdl 512]} 28. Qxc3 {Droht stark Td8.} Nf4 {[%csl Gf4][%cal Re4g2]} 29. f3 {zielt auf Dxg7+! ab.} Ne2+ 30. Kf1 {Und Dc6 würde nun gewinnen.} Nxc3 31. fxe4 {Und weiter mit Tc1 wäre nett.} Nxd1 32. Rxd1 {[%mdl 4096] Endspiel KT-KT} g6 33. Rd7 a5 34. Rb7 (34. Rd4 $17) 34... Rxe4 35. Rxb6 Rb4 $4 {[%mdl 8192]} (35... Rf4+ $19 36. Kg1 Kg7) 36. Rxb4 $18 axb4 {KB-KB} 37. Ke2 f5 {[#]} 38. Kd3 $1 {[%cal Rd3c4] Weiß setzt Matt.} g5 39. Kc4 Kf7 40. Kxb4 {K3B-K3B} Ke6 41. Kc4 h5 42. Kd4 h4 43. h3 g4 44. a4 Kd6 45. Ke3 Kc5 46. Kf4 gxh3 47. gxh3 Kb4 48. Kxf5 Kxa4 {KB-KB} 49. Kg5 Kb5 50. Kxh4 Kc6 51. Kg5 Kd7 52. Kf6 Ke8 53. Kg7 {Precision: Weiß = 69%, Schwarz = 57%.} 1-0

[Event "6th Altibox Norway Chess 2018 Blitz"]
[Site "Stavanger"]
[Date "2018.05.27"]
[Round "4.5"]
[White "Ding, Liren"]
[Black "Anand, Viswanathan"]
[Result "0-1"]
[WhiteElo "2793"]
[BlackElo "2784"]
[Annotator "TA"]
[PlyCount "80"]
[EventDate "2018.05.26"]
[EventType "tourn"]
[EventCountry "NOR"]

{[%evp 15,80,-24,-24,-22,-21,-21,0,0,24,10,16,0,27,9,18,0,22,-3,0,3,0,-10,-15,-20,-12,-12,0,-10,-2,0,50,-46,-59,-81,-95,-109,-31,-66,-58,-104,-119,-118,0,0,10,7,106,100,545,629,650,680,660,75,75,0,0,0,0,-1043,-1011,-5381,-5202,-29981,-29980,-29996,-1025]} 1. Nf3 d5 2. g3 Nf6 3. Bg2 c5 4. O-O Nc6 5. d3 e5 6. e4 d4 7. a4 Be7 {A08: King's Indian Attack} 8. Na3 Be6 {LiveBook: 3 Games} (8... O-O 9. Bd2 Ne8 10. Nc4 Qc7 11. Ne1 Be6 12. f4 f6 13. f5 Bf7 14. g4 Nd6 15. b3 {½-½ (51) Zhao,J (2604)-Anand,V (2782) Riadh 2017}) 9. Ng5 Bg4 {The position is equal.} 10. f3 Bc8 $146 ({Predecessor:} 10... Bh5 11. Qe1 O-O 12. f4 Nd7 13. Nf3 f6 14. h3 Bf7 15. f5 {0-1 (34) Ruff,M (2188)-Noe,C (2332) Hannover 2014}) 11. f4 {Strongly threatening Nxf7!} Ng4 12. Nf3 exf4 13. gxf4 f5 14. e5 O-O 15. h3 Nh6 $1 16. Nc4 Be6 17. Bd2 Nf7 18. Kh2 Kh8 19. Qe1 Qd7 20. Qg3 Bd5 21. Rg1 Rg8 22. Rae1 Ncd8 23. e6 ({Better is} 23. Ng5 $14) 23... Bxe6 $15 ({Avoid the trap} 23... Nxe6 $2 24. Nfe5 $18) 24. Nfe5 Nxe5 25. Nxe5 Qe8 (25... Qxa4 $17 26. Rc1 Bf6) 26. Bf3 Bf6 27. h4 {[%cal Bh3h4,Bh4h5,Bh5h6][%mdl 32]} Qxa4 28. h5 Bxe5 (28... Qxc2 $17 29. Rg2 Qb3) 29. Rxe5 $11 Rc8 (29... Qxc2 $2 30. Rg2 $19) 30. h6 Rc7 (30... gxh6 $11 31. Qh4 Rxg1 32. Kxg1 Qd7) 31. Rxc5 $1 $16 Rd7 $2 {[%mdl 8192] [#]} (31... Qd7 $16 {is a better chance.} 32. Rxc7 Qxc7) 32. Qh4 $1 $18 Nc6 {If Black can now play ...Nb8 this consolidates a bit.} 33. hxg7+ Rgxg7 34. Rxg7 $2 (34. Qf6 $18) 34... Rxg7 $16 {[#]} 35. Qf6 (35. b4 $1 $16 {[%mdl 512]}) 35... Qa1 $1 $11 {[%cal Ra1g1] ( -> ...Qg1+)} 36. Bg2 Qd1 $40 {[%mdl 128] Black has some attack.} 37. Qxe6 $2 {[%mdl 8192]} (37. Rxf5 $11 Bxf5 38. Qf8+ Rg8 39. Qf6+ Rg7 40. Qf8+ Rg8 41. Qf6+ Rg7) 37... Qxd2 $19 {[%csl Gg7][%cal Rd2g2]} 38. Qd5 Qxf4+ 39. Kh1 Re7 40. Qxf5 Re1+ {Precision: White = 32%, Black = 49%.} 0-1

[Event "6th Altibox Norway Chess 2018 Blitz"]
[Site "Stavanger"]
[Date "2018.05.27"]
[Round "5.2"]
[White "Aronian, Levon"]
[Black "Vachier-Lagrave, Maxime"]
[Result "0-1"]
[WhiteElo "2843"]
[BlackElo "2839"]
[Annotator "TA"]
[PlyCount "89"]
[EventDate "2018.05.26"]
[EventType "tourn"]
[EventCountry "NOR"]

{[%evp 16,89,16,8,14,7,22,19,18,12,22,25,21,14,25,7,29,0,29,18,24,12,29,-8,42,16,152,164,173,172,156,163,132,173,208,208,281,237,294,233,256,232,241,252,254,152,135,137,168,158,321,323,306,189,365,358,385,411,408,391,322,178,29978,29979,6398,6386,4710,444,1210,1208,29984,-168,-168,-168,-168,-29998]} 1. e4 c5 2. Nf3 d6 3. c3 Nf6 4. Be2 Bd7 5. d3 g6 6. O-O {B50: Sicilian: 2...d6, Miscellaneous} (6. e5 dxe5 7. Nxe5 Nc6 8. Nxd7 Qxd7 9. Nd2 Bg7 10. Ne4 b6 11. Nxf6+ Bxf6 12. Be3 O-O 13. Qa4 Rad8 14. Rd1 e6 15. h4 Ne7 16. Qe4 Qd5 17. a3 h5 18. g3 Nf5 19. Bc1 Rfe8 20. Qxd5 {½-½ (20) Novikov,S (2568)-So,W (2673) Moscow 2011}) 6... Bg7 7. Be3 O-O 8. Nbd2 Nc6 9. h3 {LiveBook: 3 Games} e5 10. a3 b6 11. b4 Nh5 12. Re1 $146 ({Predecessor:} 12. Nc4 Qe7 13. Qb3 Nf4 14. Bxf4 exf4 {0-1 (40) Miletic,J-Jakic,I (2272) Pula 2000}) 12... Nf4 13. Bf1 Ne6 14. Nc4 Qc7 15. Bd2 f5 16. Ne3 Ne7 17. a4 Rae8 18. Rb1 Qc6 19. a5 f4 20. Nc2 g5 (20... bxa5 $11 21. bxa5 Rc8) 21. axb6 axb6 22. bxc5 bxc5 {[#]} 23. d4 $1 {[%cal Rd4d5][%mdl 512]} cxd4 24. cxd4 exd4 25. Bb4 $1 Qb6 26. Na3 Qc7 27. Bc4 Kh8 28. Bxe6 Bxe6 29. Nb5 $1 {[%cal Rb5c7]} (29. Nxg5 $6 Qd7) (29. Nxd4 $6 Nc8) 29... Qd7 30. Nxd6 (30. Nxg5 $6 Rb8 $16) ({Better is} 30. Bxd6 $18 Ba2 31. Rb2 (31. Nxg5 Bxb1 32. Qh5 h6 $14)) 30... Rb8 $16 31. Bc5 $36 {[%mdl 2048] White is on the roll.} (31. Nxg5 $6 Rxb4 32. Qh5 h6 $14) 31... Rxb1 32. Qxb1 {And now Nf5 would win.} g4 $2 {[#]} (32... Bxh3 $16 {is a better defense.} 33. Nf5 (33. gxh3 Qxh3 34. Qd1 Qg4+ 35. Kh1 Rf6 $18) (33. Nxg5 Qg4 $14) 33... Nxf5) 33. hxg4 $1 $18 (33. Nxd4 gxh3 34. N6f5 Bf6 $16) 33... Bxg4 34. Nxd4 {Black must now prevent e5.} f3 $2 (34... Be5) 35. e5 {[%cal Be4e5,Be5e6][%mdl 32]} ({Inferior is} 35. Nxf3 Bxf3 36. Nf5 (36. gxf3 Qh3 $11) 36... Nxf5 $11) 35... fxg2 36. e6 Qc7 37. Nf7+ Kg8 38. Ng5 (38. Qb4 $142) 38... Bf5 $2 (38... Rxf2 $18 39. Qxh7+ Kf8) 39. Nxf5 Rxf5 40. Bxe7 $1 Qf4 41. Qc2 (41. Nh3 $142 Qg4 42. Qb8+ Bf8 43. Re3) 41... Bd4 (41... Be5 $142 42. Rxe5 (42. Kxg2 Qh2+ 43. Kf1 Qh1+ 44. Ke2 Rxf2+ 45. Kxf2 Qh2+ 46. Kf3 Qxc2 $11) 42... Qxe5) 42. Nh3 Qg4 {[#]} 43. Qd3 $4 {[%mdl 8192]} (43. Bf6 $1 {[%mdl 512] mates} Bxf6 44. Qc8+ Kg7 45. e7 Bxe7 46. Rxe7+ Kh6 47. Qc6+ Qg6 48. Re6) 43... Rf3 $19 44. Qxf3 Qxf3 45. Bg5 $2 {Precision: White = 65%, Black = 19%.} (45. Kh2 $19) 0-1

[Event "6th Altibox Norway Chess 2018 Blitz"]
[Site "Stavanger"]
[Date "2018.05.27"]
[Round "5.3"]
[White "Nakamura, Hikaru"]
[Black "So, Wesley"]
[Result "1/2-1/2"]
[WhiteElo "2869"]
[BlackElo "2824"]
[Annotator "TA"]
[PlyCount "84"]
[EventDate "2018.05.26"]
[EventType "tourn"]
[EventCountry "NOR"]

{[%evp 11,84,8,18,0,2,8,0,0,11,4,15,-10,8,0,0,0,0,0,0,0,0,0,0,0,0,0,0,-8,0,0,8,11,11,-3,-6,-9,0,0,25,25,15,10,10,0,0,0,0,0,0,0,0,0,0,0,0,0,0,0,0,0,0,0,0,0,0,-5,0,0,0,-12,0,0,0,-29,0]} 1. Nf3 d5 2. b3 Bf5 3. Bb2 e6 4. g3 h6 5. Bg2 Nf6 6. O-O Be7 {LiveBook: 79 Games. A07: Réti Opening: New York and Capablanca Systems} 7. Ne5 (7. c4 O-O 8. d3 Bh7 9. Nbd2 a5 10. a3 c6 11. Qb1 Na6 12. Bc3 c5 13. cxd5 exd5 14. e4 b5 15. Re1 Qb6 16. a4 Nc7 17. axb5 Qxb5 18. Ra4 Ne6 {1-0 (67) Karjakin,S (2763)-Grischuk,A (2767) Moscow 2018}) 7... Nbd7 $146 ({Predecessor:} 7... O-O 8. d4 Nbd7 9. Nd2 c5 10. Nxd7 Nxd7 11. e4 dxe4 12. Nxe4 Rb8 13. Qe2 Qc7 14. Rad1 Bxe4 15. Bxe4 {0-1 (46) Luong,P (2143)-Saheli,N (2102) Negombo 2003}) 8. Nxd7 Qxd7 {The position is equal.} 9. d3 O-O 10. Nd2 a5 11. e4 Bh7 (11... Bg4 {is more complex.} 12. f3 Bh5 13. g4 Bg6 14. a4 c6) 12. a3 dxe4 13. Nxe4 Nxe4 14. dxe4 Qxd1 15. Rfxd1 Rfd8 16. Kf1 Bg6 17. Ke2 f6 18. a4 e5 19. f3 Kf7 20. Bh3 Bc5 21. Rxd8 Rxd8 22. Rd1 Rxd1 23. Kxd1 $11 {[%mdl 4096] Endgame KBB-KBB} Bg1 24. Ke2 h5 ({Stronger than} 24... Bxh2 25. Kf2 $16) 25. Kf1 Bc5 26. Bc8 b6 27. Ke2 Ke7 28. Ba6 Bf7 29. h4 Be6 30. Bc1 c6 31. Bd3 Kd6 32. Bd2 Ke7 33. Be1 Kd6 34. Kd2 g5 35. Be2 Ke7 36. Kd1 Kf7 37. Kd2 Kg6 38. Kd1 Kf7 39. Ba6 Kg6 40. Be2 Kf7 41. Bd2 Bf2 42. Be1 Bc5 {Precision: White = 76%, Black = 52%.} 1/2-1/2

[Event "6th Altibox Norway Chess 2018 Blitz"]
[Site "Stavanger"]
[Date "2018.05.27"]
[Round "5.4"]
[White "Anand, Viswanathan"]
[Black "Caruana, Fabiano"]
[Result "0-1"]
[WhiteElo "2784"]
[BlackElo "2814"]
[Annotator "TA"]
[PlyCount "57"]
[EventDate "2018.05.26"]
[EventType "tourn"]
[EventCountry "NOR"]

{[%evp 20,57,14,14,10,14,19,21,28,10,14,18,14,9,8,1,37,41,36,27,66,52,65,81,53,30,47,64,72,17,33,31,29,-14,0,-10,0,-45,-59,-107]} 1. e4 e5 2. Nf3 Nc6 3. Bc4 Bc5 4. d3 Nf6 5. O-O d6 6. c3 a5 {C54: Giuoco Piano: 4 c3 Nf6, main lines with 5 d4 and 5 d3} (6... a6 7. a4 O-O 8. h3 h6 9. Re1 Re8 10. Nbd2 Be6 11. Bxe6 Rxe6 12. b4 Ba7 13. Qc2 Qd7 14. Nf1 d5 15. Ng3 Rd8 16. exd5 Qxd5 {½-½ (63) Carlsen,M (2834)-Kramnik,V (2787) Wijk aan Zee 2018}) 7. Re1 O-O 8. h3 h6 9. Nbd2 a4 10. Bb5 Bd7 11. Nf1 {LiveBook: 7 Games} Ne7 12. Bxd7 Nxd7 13. d4 $146 ({Predecessor:} 13. Ng3 f5 14. Nxf5 Nxf5 15. exf5 Rxf5 {½-½ (35) Noble,M (2482)-Holroyd,K (2510) ICCF email 2015}) 13... Bb6 14. Ng3 f5 15. exf5 Nxf5 16. Nxf5 Rxf5 17. Be3 e4 18. Nd2 $36 {[%mdl 2048] White is more active.} d5 19. Qg4 Qf6 20. Bxh6 {Strongly threatening Nf1.} Rf8 21. Be3 c5 {[%cal Rc5d4]} 22. Rad1 cxd4 23. cxd4 Ba5 24. Rf1 ({White should play} 24. Re2 $16) 24... Nb8 {[%cal Bd7b8,Bb8c6,Bc6d8,Bd8e6][%mdl 32]} 25. Nb1 {[%cal Bd2b1,Bb1a3,Ba3c2][%mdl 32]} Nc6 26. Na3 Bc7 27. Nc2 Nd8 28. f3 Ne6 {[%mdl 1024] Black has compensation.} 29. Rf2 {Precision: White = 35%, Black = 55%.} 0-1

[Event "6th Altibox Norway Chess 2018 Blitz"]
[Site "Stavanger"]
[Date "2018.05.27"]
[Round "5.5"]
[White "Karjakin, Sergey"]
[Black "Mamedyarov, Shakhriyar"]
[Result "1-0"]
[WhiteElo "2838"]
[BlackElo "2730"]
[Annotator "TA"]
[PlyCount "61"]
[EventDate "2018.05.26"]
[EventType "tourn"]
[EventCountry "NOR"]

{[%evp 15,61,0,27,38,38,-3,17,0,17,16,17,16,19,17,21,-21,0,0,28,11,37,31,45,-95,-93,-101,-91,-86,-83,-100,-107,-107,0,0,14,6,6,11,6,8,114,112,150,152,553,544,769,763]} 1. b3 Nf6 2. Bb2 g6 3. g3 Bg7 4. Bg2 O-O 5. Nf3 d6 6. O-O e5 7. c4 Re8 8. Nc3 e4 {LiveBook: 4 Games. A15: English Opening: 1...Nf6} 9. Nd4 c6 $146 ({Predecessor:} 9... Nbd7 10. Qc2 Qe7 11. Rae1 c6 12. b4 d5 13. cxd5 cxd5 14. a3 Nb6 15. d3 {1-0 (59) Caruana,F (2791)-Fier,A (2580) Dubai 2014}) 10. e3 Na6 {The position is equal.} 11. d3 $1 {[%cal Rd3e4]} exd3 12. Qxd3 Nc5 13. Qc2 a5 14. a3 h5 15. h3 Bd7 (15... h4 $5) 16. b4 Ne6 17. Nce2 Nxd4 (17... Qe7 {looks sharper.} 18. Nxe6 Bxe6 19. Rfc1 Bf5 20. Qc3 Qe5) 18. Bxd4 Be6 19. Qc3 (19. Rfd1 $14 {keeps the upper hand.}) 19... axb4 $1 $17 20. axb4 {aiming for Rxa8.} Rxa1 $1 21. Rxa1 {[#]} c5 $1 {[%cal Rc5d4]} 22. bxc5 dxc5 23. Be5 {[#]} Bxh3 (23... Bf5 $1 $17 {Threatens to win with ...Ne4.} 24. Rf1 Ne4 25. Bxe4 Bxe5) 24. Bxh3 $11 Rxe5 25. Qxe5 Ne8 $1 $132 {[%mdl 2048] Black is not keeping still} 26. Qxc5 Bxa1 27. Nf4 Nd6 (27... Nf6 $11 {keeps the balance.}) 28. Qd5 $16 Qf6 29. c5 {[%cal Bc4c5,Bc5c6][%mdl 32]} Nb5 $2 (29... Ne8 $16 {is a better chance.} 30. Qxb7 Qd8) 30. Qxb7 $18 Nc3 31. c6 {Precision: White = 66%, Black = 24%.} 1-0